ULTRAKILL Levels - Statistics

General Stats
  • This quiz has been taken 609 times
  • The average score is 21 of 34
Answer Stats
Layer
ID
Answer % Correct
Prelude 0-5 Cerberus
86%
Prelude 0-1 Into the Fire
86%
Limbo 1-4 Clair de Lune
78%
Prelude 0-S Something Wicked
77%
Prelude 0-2 The Meatgrinder
77%
Prelude 0-4 A One-Machine Army
76%
Greed 4-2 God Damn the Sun
74%
Prime Sanctums P-2 Wait of the World
73%
Wrath 5-4 Leviathan
71%
Prime Sanctums P-1 Soul Survivor
71%
Lust 2-1 Bridgeburner
69%
Lust 2-3 Sheer Heart Attack
69%
Limbo 1-2 The Burning World
69%
Lust 2-2 Death at 20,000 Volts
68%
Greed 4-4 Clair de Soleil
67%
Prelude 0-3 Double Down
66%
Gluttony 3-1 Belly of the Beast
65%
Lust 2-4 Court of the Corpse King
65%
Wrath 5-3 Ship of Fools
65%
Greed 4-3 A Shot in the Dark
62%
Gluttony 3-2 In the Flesh
59%
Heresy 6-1 Cry for the Weeper
56%
Greed 4-1 Slaves to Power
56%
Wrath 5-1 In the Wake of Poseidon
55%
Limbo 1-S The Witless
51%
Heresy 6-2 Aesthetics of Hate
50%
Wrath 5-2 Waves of the Starless Sea
49%
Limbo 1-3 Halls of Sacred Remains
48%
Limbo 1-1 Heart of the Sunrise
48%
Greed 4-S Clash of the Brandicoot
46%
Wrath 5-S I Only say Morning
46%
Other The Cyber Grind
46%
Other Sandbox
45%
Lust 2-S All-Imperfect Love Song
43%
No matching quizzes found
Score Distribution
Percent of People with Each Score
Percentile by Number Answered
Your Score History
You have not taken this quiz